000 00789nam a2200277Ia 4500
008 160803s9999 xx 000 0 und d
020 _a978-0385732758
100 _aGreenberg, Jan
245 _aAndy Warhol :
245 _bprince of pop /
245 _cJan Greenberg & Sandra Jordan.
260 _aNew York :
260 _bScholastic Inc.
260 _c2004
300 _a208 pages, [8] pages of plates :
300 _billustrations (some color) ;
300 _c18 cm
500 _aOriginally published in hardcover in the United States by Delacorte Press.
650 _aArtists -- United States --
650 _aArtists.
650 _aPop art.
650 _aWarhol, Andy, -- 1928-1987.
650 _xBiography.
650 _xUnited States.
700 _a1120
999 _c298499
_d298499